| 000 | 01024nam a22003257a 4500 | ||
|---|---|---|---|
| 003 | CHAP | ||
| 005 | 20220329133950.0 | ||
| 008 | 971013s1985 r 00010 d | ||
| 010 | _a13339 | ||
| 011 | _a14311 | ||
| 035 | _a18384 | ||
| 040 | _cCHAP | ||
| 100 | 0 | 0 |
_aCastañeda Yáñez, Margarita. _919948 |
| 245 | _aSer estudiante | ||
| 260 |
_aMéxico, D.F. : _bUNAM. Coordinación de Apoyo y Servicios Educativos, _c1985 |
||
| 300 |
_a33 p. _b: ilus. |
||
| 490 | _aGuía del estudiante | ||
| 590 |
_aBATCH-UPD _b10 _c20130110 _lUCH01 _h1908 |
||
| 590 |
_aBATCH-UPD _b10 _c20130410 _lUCH01 _h1235 |
||
| 590 |
_aBATCH-UPD _b10 _c20130914 _lUCH01 _h0910 |
||
| 590 |
_aCONVERSION _b10 _c20130109 _lUCH01 _h1309 |
||
| 650 | 1 | 4 |
_aEstudiantes. _938489 |
| 650 | 1 | 4 |
_aMétodos de estudio. _976629 |
| 700 | 0 |
_aMontiel Márquez, María. _977954 |
|
| 700 | 0 |
_aQuesada Castillo, Rocío. _993213 |
|
| 830 | 0 |
_aGuía del estudiante _951489 |
|
| 901 | _aBK | ||
| 942 | _cFOLL | ||
| 949 |
_bBC _cFOLL _d-42918 _eTS1 _gI.c/e _i18384 _si _t300.00 |
||
| 999 |
_c13339 _d13339 |
||